Normal view
MARC view
Entry Personal Name
001 - CONTROL NUMBER
- control field: 11703
003 - CONTROL NUMBER IDENTIFIER
- control field: BD-RjUL
005 - DATE AND TIME OF LATEST TRANSACTION
- control field: 20240213093023.0
008 - FIXED-LENGTH DATA ELEMENTS
- fixed length control field: 240213|| aca||aabn | a|a d
040 ## - CATALOGING SOURCE
- Original cataloging agency: BD-RjUL
- Transcribing agency: BD-RjUL
100 ## - HEADING--PERSONAL NAME
- Personal name: Browne, Edward Granville,
- Dates associated with a name: 1862-1926
670 ## - SOURCE DATA FOUND
- Source citation: Work cat.: (BD-RjUL)83072: Browne, Edward Granville, 1862-1926, The political poetry of modern Persia./, 1914.